000 00605nam a2200193 a 4500
999 _c3988
_d3988
003 BD-JhCC
005 20171120182737.0
008 171120b bg ||||| |||| 00| 0 ben d
035 _a(BD-JhCC)
040 _aBD-JhCC
_dBD-JhCC
041 _aben
082 _a891.4409
_bFOJ
100 _aফজল, আবুল
245 _aসাহিত্য ও সংস্কৃতি সাধনা /
_cআবুল ফজল.
260 _aঢাকা :
_bইষ্ট বেঙ্গল পাব্লিশার্স,
300 _a286 p. :
_c21 cm.
650 _aBengali Literature